How to be successful fertility patient : your guide to getting the best possible medical help to have a baby

Bibliographic Details
Main Author: Robin, Peggy
Format: Book
Published: New York : William Morrow , 1993
Subjects:

MARC

LEADER 00000cam a2200000 7i4500
001 0000001619
002 000001767
005 20000330.0
020 |a 0688117325 
090 0 0 |a 616.692   |b ROB 
100 1 |a Robin, Peggy 
245 1 0 |a How to be successful fertility patient :   |b your guide to getting the best possible medical help to have a baby   |c Peggy Robin 
260 |a New York :   |b William Morrow ,   |c 1993 
300 |a 447 p. ;   |c 24 cm. 
650 0 0 |a Infertility   |x Popular works 
999 |a 034531   |b BUKU   |c PINJAMAN   |e PERPUSTAKAAN KOMUNITI PETALING JAYA